Coworking & Cohousing centrum, Trenčín

Guardado en:
Detalles Bibliográficos
Autor principal: Danko, Tomáš (Autor)
Otros Autores: Fejo, Katarína (Orientador)
Formato: Manuscrito Libro
Lenguaje:eslovaco
Publicado: Bratislava 2021
Materias:
Acceso en línea:http://is.stuba.sk/zp/portal_zp.pl?podrobnosti=159963
Etiquetas: Agregar Etiqueta
Sin Etiquetas, Sea el primero en etiquetar este registro!

MARC

LEADER 00000ntm a22000003a 4500
001 stuzp83522
003 SK-STU
005 20220216075136.1
007 ta
008 150427s2015----xo-----f-mn---000-0-slo-d
040 |a STU  |b slo 
041 0 |a slo 
100 1 |a Danko, Tomáš  |u 056160  |4 aut  |U FAD Fakulta architektúry a dizajnu  |T FAD Ústav urbanizmu a územného plánovania  |X 77178  |U A6160  |Y 397  |7 77178 
242 0 1 |a Coworking & Cohousing Center, Trenčín  |y eng 
245 1 0 |a Coworking & Cohousing centrum, Trenčín 
260 |c 2021  |a Bratislava 
650 4 |a cohousing  |2 slo 
650 4 |a transformácia  |2 slo 
650 4 |a coworking  |2 slo 
650 4 |a adaptácia  |2 slo 
650 4 |a komunitné bývanie  |2 slo 
650 4 |a cohousing  |2 eng 
650 4 |a community living  |2 eng 
650 4 |a adaptation  |2 eng 
650 4 |a coworking  |2 eng 
650 4 |a transformation  |2 eng 
700 1 |a Fejo, Katarína  |u 056160  |k Z1  |4 ths  |U FAD Fakulta architektúry a dizajnu  |T FAD Ústav urbanizmu a územného plánovania  |X 18886  |U A6160  |Y 397  |7 A000018886 
856 4 |u http://is.stuba.sk/zp/portal_zp.pl?podrobnosti=159963  |u https://opac.crzp.sk/?fn=detailBiblioForm&sid=0C216CD716E182230C2904AAC853